The Blackwell encyclopedic dictionary of management information systems /

Đã lưu trong:
書目詳細資料
其他作者: Davis, Gordon B. (Biên tập viên)
格式: 圖書
語言:English
出版: Oxford : Blackwell Business, 1997.
主題:
標簽: 添加標簽
沒有標簽, 成為第一個標記此記錄!
Thư viện lưu trữ: Mạng thư viện Đại học Đà Nẵng
LEADER 01168cam a2200385 i 4500
001 000048509
003 8228
005 20041027142210.0
008 010321b1997 vm 000 eng
020 |a 1557869480 
040 |a IRC  |c IRC  |d IRC 
041 0 |a eng 
082 1 4 |a 658.4038011  |b Bl-E 
245 0 4 |a The Blackwell encyclopedic dictionary of management information systems /  |c edited by Gordon B. Davis ; series editor: Gary L. Cooper and Chris Argyris. 
260 |a Oxford :  |b Blackwell Business,  |c 1997. 
300 |a viii, 263 p. :  |b ill. ;  |c 24.5 cm. 
630 0 4 |a Business. 
630 0 4 |a Management. 
630 0 4 |a Dictionary. 
630 0 4 |a Data processing. 
650 0 4 |a Business  |x Data processing  |v Dictionaries. 
650 0 4 |a Management information systems  |v Dictionaries. 
650 0 4 |a System analysis  |v Dictionaries. 
650 0 4 |a Office management  |v Dictionaries. 
700 1 |a Davis, Gordon B.,  |e editor. 
OWN |a DUT 
999 |a From the UDN01 
TYP |a Monograph 
TYP |a Printed language 
980 |a Mạng thư viện Đại học Đà Nẵng